[Event "JUG-chT2"]
[Site "?"]
[Date "1994.??.??"]
[Round "7"]
[White "Lakic, Nikola"]
[Black "Zakic, Srdjan"]
[Result "1/2-1/2"]
[WhiteElo "2310"]
[BlackElo "2345"]

1.d4 Nf6 2.c4 g6 3.Nf3 Bg7 4.g3 O-O 5.Bg2 d6 6.Nc3 c6 7.O-O Bf5 8.Ne1 Qc8
9.e4 Bh3 10.Nc2 Na6 11.f3 Bxg2 12.Kxg2 c5 13.d5 Nc7 14.a4 e6 15.Bg5 h6 16.Bxf6 Bxf6
17.dxe6 Qxe6 18.Qd3 a6 19.Rad1 Rfd8 20.Ne3 Rab8 21.b3 b6 22.Rd2 Bg7 23.Ncd5 Nxd5
24.Nxd5 Qd7 25.Rfd1 b5 26.axb5 axb5 27.Qe3 bxc4 28.bxc4 Qa4 29.Qf4 Rd7 30.Nf6+ Bxf6
31.Qxf6  1/2-1/2

[Event "Karditsa"]
[Site "Karditsa"]
[Date "1994.??.??"]
[Round "7"]
[White "Andrianov, Nikolai"]
[Black "Mozetic, Dejan"]
[Result "1/2-1/2"]
[WhiteElo "2435"]
[BlackElo "2585"]

1.d4 Nf6 2.Nf3 g6 3.g3 Bg7 4.Bg2 O-O 5.c4 d6 6.O-O Nbd7 7.Qc2 e5 8.dxe5 dxe5
9.Rd1 Qe7 10.e4 Nc5 11.Nc3 c6 12.b4 Ne6 13.Rb1 a5 14.a3 Nd7 15.c5 f5 16.exf5 gxf5
17.Ne2 axb4 18.axb4 e4 19.Nh4 Ne5 20.f3 exf3 21.Nxf3 Ng6 22.Bb2 f4 23.Bxg7 Nxg7
24.Nxf4 Nxf4 25.gxf4 Rxf4 26.Qd2 Qf8 27.Ng5 Nh5 28.Rf1 h6 29.Ne4 Be6 30.Ng3 Ra2
31.Qe3 Bc4 32.Nxh5 Rxg2+ 33.Kxg2 Bxf1+ 34.Rxf1 Rxf1 35.Qg3+ Kh7 36.Qd3+ Qf5
37.Qxf1 Qxh5 38.Qf4 Qd5+ 39.Kg3 Kg6 40.Qg4+ Qg5 41.h4 Qxg4+ 42.Kxg4 Kf6 43.Kh5 Kg7
44.Kg4 Kg6 45.h5+ Kf6  1/2-1/2

[Event "Karditsa"]
[Site "Karditsa"]
[Date "1994.??.??"]
[Round "8"]
[White "Mastrokoukos, Georgios"]
[Black "Grivas, Efstratios"]
[Result "1/2-1/2"]
[WhiteElo "2385"]
[BlackElo "2505"]

1.d4 Nf6 2.Nf3 g6 3.g3 Bg7 4.Bg2 O-O 5.c4 d6 6.O-O Nc6 7.Nc3 Bf5 8.d5 Na5
9.Nd4 Bd7 10.Qd3 c5 11.dxc6 Nxc6 12.b3 Nxd4 13.Qxd4 Bc6 14.Bb2 Ne4 15.Qd3 Nxc3
16.Bxc3 Bxc3 17.Qxc3 Rc8 18.Rac1 Bxg2 19.Kxg2 Rc5 20.Qe3 Qc7 21.Rfd1 b6 22.Rd5 Qc6
23.Qf3 Rc8 24.Rcd1 a6 25.h4 Rxd5 26.Qxd5 Qxd5+ 27.Rxd5 Rc6 28.Kf3 h5 29.e4 e6
30.Rd2 Kf8 31.Ke3 Ke7 32.Kd3 f5 33.f3 Rc8 34.Rc2 Kd7 35.b4 Kc6 36.a4 Rf8
37.f4 fxe4+ 38.Kxe4 Rf5 39.b5+ Kc7 40.g4 hxg4 41.Rg2 Rc5 42.Kd4 d5 43.cxd5 Rxd5+
44.Ke4 axb5 45.axb5 Rxb5 46.Rxg4 Rh5 47.Rxg6 Kd6 48.Kf3 Rxh4 49.f5 Ke5 50.Rxe6+ Kxf5
51.Rxb6  1/2-1/2

[Event "Kecskemet"]
[Site "Kecskemet"]
[Date "1994.??.??"]
[Round "?"]
[White "Csom, Istvan"]
[Black "Robovic, Saudin"]
[Result "1-0"]
[WhiteElo "2405"]
[BlackElo "2415"]

1.c4 g6 2.d4 Bg7 3.Nf3 Nf6 4.g3 O-O 5.Bg2 d6 6.Nc3 Nbd7 7.O-O e5 8.b3 exd4
9.Nxd4 Re8 10.Bb2 Nc5 11.Qc2 c6 12.b4 Ne6 13.Nf3 Qb6 14.a3 a5 15.Na4 Qa6
16.Rfd1 d5 17.c5 Qb5 18.Nb6 Ra7 19.Bc3 d4 20.Nxc8 Rxc8 21.Nxd4 Nxd4 22.Bxd4 Ne8
23.a4 Qa6 24.Bh3 Rca8 25.Rab1 axb4 26.Rxb4 Qa5 27.Rc4 Bf8 28.Bc3 Qc7 29.Rd7 Qb8
30.Qe4 Ng7 31.a5 Qe8 32.Qf3 Ne6 33.Bxe6 Qxe6 34.Qd3 Re8 35.e4 Bg7 36.Bd2 Raa8
37.Rd6 Qe7 38.f3 Be5 39.Rd7 Qe6 40.f4 Bg7 41.e5 h5 42.Kg2 h4 43.Rcd4 Qg4
44.Rxb7 Bf8 45.Bb4 Be7 46.Qc4 Kg7 47.Be1 Kg8 48.a6 Qe6 49.a7 Qf5 50.Bf2 Kf8
51.Rdd7 Qg4 52.Qb3 Qf5 53.Rxe7 Rxe7 54.Rxe7  1-0

[Event "JUG-ch sf"]
[Site "Kladovo"]
[Date "1994.??.??"]
[Round "?"]
[White "Sekulic, Dusan"]
[Black "Zivic, Dragan"]
[Result "1/2-1/2"]
[WhiteElo "2340"]
[BlackElo "2280"]

1.d4 Nf6 2.c4 g6 3.Nf3 Bg7 4.g3 O-O 5.Bg2 d6 6.O-O Nbd7 7.Qc2 e5 8.Rd1 Qe7
9.Nc3 c6 10.e4 Re8 11.h3 a5 12.Be3 exd4 13.Nxd4 Nc5 14.Re1 Nfxe4 15.Nxe4 Nxe4
16.Bxe4 Qxe4 17.Bd2 Qxe1+ 18.Bxe1 Bxd4 19.g4 Be6 20.Rd1 Bg7 21.Bc3 d5 22.Bxg7 Kxg7
23.Qc3+ Kg8 24.c5 d4 25.Rxd4 Bxa2 26.Ra4 Bd5 27.Rxa5 Rad8 28.Ra1 Re4 29.Re1 Rde8
30.Rxe4 Rxe4 31.Qd2 f6 32.f4 h6 33.g5 hxg5 34.fxg5 fxg5 35.Qxg5 Kf7 36.Qh6 Rb4
37.h4 Rb3 38.Kf1 Rb4 39.Ke1 Rb3 40.Kd1 Rb4 41.Kc1 Rb3 42.Qf4+ Kg7 43.Kc2 Kh7
44.Qd4 Be6 45.Qe5 Bg8 46.Qe7+ Kh6 47.Qf6 Kh7 48.Qd8 Kg7 49.Qg5 Kh7 50.Qe5 Bf7
51.Qf6 Kg8 52.Qg5 Kh7 53.Qf4 Kg7 54.Qd4+ Kh7 55.Qe5 Kg8 56.Qf6 Kf8 57.Qh8+ Ke7
58.Qb8 Be6 59.Qd6+ Kf6 60.Qf8+ Bf7 61.Qd6+ Kg7 62.Qe5+ Kh7 63.Qg5 Bg8  1/2-1/2

[Event "JUG-ch sf"]
[Site "Kladovo"]
[Date "1994.??.??"]
[Round "?"]
[White "Pavlovic, Dragoljub"]
[Black "Pikula, Dejan"]
[Result "0-1"]
[WhiteElo "2335"]
[BlackElo "2360"]

1.d4 Nf6 2.Nf3 g6 3.c4 Bg7 4.g3 O-O 5.Bg2 d6 6.O-O c6 7.Nc3 Qa5 8.e4 e5 9.h3 Nbd7
10.Be3 Qb4 11.dxe5 Nxe5 12.Nxe5 dxe5 13.Qb3 Qe7 14.Qc2 Be6 15.b3 Nh5 16.Qe2 b6
17.Rfd1 Rfd8 18.Rxd8+ Rxd8 19.Rd1 Bf8 20.Rd2 Qc7 21.Qd1 Rxd2 22.Qxd2 f6 23.Ne2 Ng7
24.h4 Ba3 25.f3 Qe7 26.Kh2 Kf7 27.Bh3 Ke8 28.Bxe6 Nxe6 29.Kg2 Bb4 30.Qd3 Ba5
31.Bd2 Qa3 32.Bxa5 bxa5 33.Qd2 Ke7 34.Nc3 Qb4 35.Qe3 Nd4 36.f4 Kf7 37.fxe5 fxe5
38.Na4 Kg7 39.Qg5 Qd6 40.h5 Ne6 41.h6+ Kf7 42.Qe3 Qd4 43.Qxd4 exd4 44.e5 Ng5
45.Nc5 Ke7 46.Nb7 Nf7 47.Nxa5 Nxe5 48.Kf2 Kf6 49.Ke2 Kf5 50.b4 Ke4 51.b5 d3+
52.Kd2 c5 53.a4 Nf3+ 54.Kd1 Ne5 55.Nb3 Nxc4 56.Nxc5+ Ke3 57.Nb3 Nb2+ 58.Ke1 Nxa4
59.Nd2 Nc3 60.Nc4+ Kd4 61.b6 axb6 62.Nxb6 Ne4 63.Kd1 Nxg3 64.Nd7 Ne4  0-1

[Event "JUG-ch sf"]
[Site "Kladovo"]
[Date "1994.??.??"]
[Round "?"]
[White "Nestorovic, Dejan"]
[Black "Svicevic, Rastko"]
[Result "1-0"]
[WhiteElo "2365"]
[BlackElo "2270"]

1.d4 Nf6 2.Nf3 g6 3.c4 Bg7 4.g3 O-O 5.Bg2 d6 6.O-O Nbd7 7.Nc3 e5 8.h3 c6
9.e4 Qb6 10.b3 exd4 11.Na4 Qc7 12.Nxd4 Nc5 13.Nc3 Re8 14.Re1 Nfd7 15.Be3 a5
16.Re2 Nf8 17.Rd2 Be6 18.Qc2 Rad8 19.Rad1 Bc8 20.Kh2 Nfe6 21.Nde2 Qe7 22.f4 Bh6
23.a3 Qc7 24.b4 Na6 25.Na4 c5 26.b5 Nb8 27.Nec3 Nd7 28.Nd5 Qb8 29.b6 Bg7
30.Nac3 Nf6 31.Nb5 Nxd5 32.Rxd5 Bd7 33.Nxd6 Nd4 34.Bxd4 Bxd4 35.Nxe8 Bxe8
36.e5 Kf8 37.Qd2 Ba4 38.Rb1 Rxd5 39.Bxd5 Qa8 40.Qg2  1-0

[Event "JUG-ch sf"]
[Site "Kladovo"]
[Date "1994.??.??"]
[Round "?"]
[White "Drasko, Milan"]
[Black "Brenjo, Slavisa"]
[Result "1/2-1/2"]
[WhiteElo "2545"]
[BlackElo "2400"]

1.d4 Nf6 2.c4 g6 3.Nf3 Bg7 4.g3 O-O 5.Bg2 d6 6.O-O Nc6 7.Nc3 e5 8.d5 Ne7
9.c5 Ne8 10.cxd6 Nxd6 11.Qb3 b6 12.Rd1 Bb7 13.e4 Qd7 14.Be3 Kh8 15.Rac1 Ng8
16.Qa4 b5 17.Qc2 a6 18.a4 h6 19.Na2 Nc4 20.Bc5 Rfe8 21.Nb4 Nf6 22.axb5 axb5
23.b3 Nd6 24.Ne1 Nh7 25.Be3 Rac8 26.Ned3 f5 27.Nc5 Qf7 28.exf5 gxf5 29.f4 exf4
30.Bxf4 Ng5 31.Qd3 Ba8 32.h4 Nge4 33.Ne6 Rxe6 34.dxe6 Qxe6 35.Nc6 Re8 36.Rc2 b4
37.Re1 Qd7 38.Nxb4 c5 39.Nd5 Bd4+ 40.Ne3 Nf7 41.Kh2 Ne5 42.Qa6 Bc6 43.Rd1 Qb7
44.Qxb7 Bxb7 45.Bxe5+ Rxe5 46.Nc4 Re7 47.Re2 Rg7 48.Bxe4 Bxe4 49.Nd6 Bf3
50.Re8+ Kh7 51.Rf1 Bc6 52.Ree1 Ra7 53.Rxf5 Kg7 54.g4 Ra2+ 55.Kg3 Rg2+ 56.Kh3 Rb2
57.g5 h5 58.Ne4 Rxb3+ 59.Ng3 Bf3 60.Re7+ Kg8 61.Re8+ Kg7 62.Re7+ Kg8 63.Rf4 Bc6
64.g6 Bd5 65.Rf5 Bf3 66.Rg5 Bd1 67.Kg2 Bf3+ 68.Kf1 Rb1+ 69.Re1 Bg2+ 70.Ke2 Bf3+
71.Kxf3 Rxe1 72.Nxh5 Re3+ 73.Kf4 Re6 74.Rg2 c4 75.Kf3 Re3+ 76.Kf4 Re6 77.Kf3 Re3+
78.Kf4 Re6  1/2-1/2

[Event "JUG-ch sf"]
[Site "Kladovo"]
[Date "1994.??.??"]
[Round "?"]
[White "Nestorovic, Dejan"]
[Black "Pikula, Dejan"]
[Result "1/2-1/2"]
[WhiteElo "2365"]
[BlackElo "2360"]

1.d4 Nf6 2.Nf3 g6 3.c4 Bg7 4.g3 O-O 5.Bg2 d6 6.O-O Nbd7 7.Nc3 e5 8.h3 c6
9.e4 Re8 10.Re1 a5 11.Rb1 h6 12.b3 Nh7 13.Be3 Ng5 14.Nxg5 hxg5 15.Qd2 exd4
16.Bxd4 Bxd4 17.Qxd4 Qf6 18.Qxf6 Nxf6 19.Rbd1 Re6 20.Na4 Nd7 21.Re2 Kf8 22.Red2 Ke7
23.f4 gxf4 24.gxf4 Rb8 25.Kh2 b6 26.Bf3 Nf6 27.Nc3 Bb7 28.Kg3 Rh8 29.Bg2 Bc8
30.Bf3 Nd7 31.Re2 Nc5 32.Bg4 f5 33.exf5 gxf5 34.Rxe6+ Bxe6 35.Bf3 Bd7 36.h4 Ne6
37.Ne2 Rg8+ 38.Kf2 Rh8 39.Kg3 Rg8+ 40.Kf2 Rh8 41.Kg3  1/2-1/2

[Event "Kstovo op"]
[Site "Kstovo"]
[Date "1994.??.??"]
[Round "2"]
[White "Usov, A."]
[Black "Sorokin, Gerald K"]
[Result "0-1"]
[WhiteElo "2340"]
[BlackElo "2425"]

1.d4 Nf6 2.Nf3 g6 3.g3 Bg7 4.Bg2 O-O 5.c4 d6 6.O-O Nbd7 7.Qc2 c6 8.Nc3 Re8
9.e4 e5 10.d5 c5 11.a3 Nb6 12.Qd3 a5 13.b3 Nh5 14.Ne1 f5 15.exf5 gxf5 16.Bb2 Bd7
17.Rc1 Qe7 18.Qe2 Qf7 19.Bh3 Re7 20.Nd1 f4 21.Bxd7 Nxd7 22.Nf3 e4 23.Nh4 f3
24.Qd2 Bxb2 25.Qxb2 Ne5 26.Qd2 Qf6 27.Kh1 Ng6 28.Qh6 Ng7 29.Ne3 Qf7 30.Ng4 Kh8
31.Rfe1 Nxh4 32.Qxh4 Nf5 33.Qh3 Nd4 34.Rc3 Qg6 35.Qh4 Rf7 36.h3 Nf5 37.Ne5 Nxh4
38.Nxg6+ Nxg6 39.Rxe4 Ne5 40.Rce3 a4 41.b4 b6 42.b5 Kg7 43.Kh2 Raf8 44.Rc3 Rf5
45.Rce3 R8f6 46.Rc3 Rh5 47.g4 Rh4 48.Kg3 Rfh6 49.Kf4 Rxh3 50.Rxe5 dxe5+ 51.Kxe5 Rh1
52.g5 R1h5 53.Kf4 Rg6 54.Rd3 Rh4+ 55.Ke5 Rxg5+ 56.Kd6 Rxc4 57.Kc7 Rd4 58.Rxf3 Rdxd5
59.Kxb6 c4  0-1

[Event "Kstovo op"]
[Site "Kstovo"]
[Date "1994.??.??"]
[Round "2"]
[White "Baburin, Alexander"]
[Black "Yurtaev, Leonid"]
[Result "1-0"]
[WhiteElo "2590"]
[BlackElo "2530"]

1.d4 Nf6 2.c4 g6 3.Nf3 Bg7 4.g3 O-O 5.Bg2 d6 6.O-O Nc6 7.Nc3 e5 8.d5 Ne7
9.e4 Bg4 10.h3 Bd7 11.c5 Ne8 12.cxd6 Nxd6 13.Re1 b5 14.Re2 Qc8 15.Kh2 b4
16.Na4 Bb5 17.Re1 c5 18.a3 Qc7 19.axb4 cxb4 20.b3 Rac8 21.Bb2 f6 22.Qd2 a5
23.Qe3 Qb8 24.Nc5 Nef5 25.exf5 Nxf5 26.Qd2 Rxc5 27.Rxa5 Qb6 28.Qxb4 Rc2 29.Bd4 Nxd4
30.Nxd4 Qxd4 31.Qxd4 exd4 32.Rxb5 f5 33.d6 d3 34.Rd5 d2 35.Re7 Bf6 36.Rc7 Rb2
37.Rd3 Rd8 38.Bd5+ Kh8 39.d7 Kg7 40.Kg2 Be5 41.Rb7 f4 42.g4 Kf8 43.g5 Bd6
44.Bf3 Ke7 45.Bg4 Bc5 46.Kf3 Bxf2 47.Kxf4 Rc2 48.Ke4 Bh4 49.Rb5 Kf7 50.Re5 Rc1
51.Rxd2 Re1+ 52.Be2 Rg1 53.Bc4+ Kf8 54.Bb5 Re1+ 55.Kd5 Rxe5+ 56.Kxe5 Bxg5
57.Rg2 Be3 58.Ke6 Kg7 59.Ke7 Bb6 60.Rc2 Rf8 61.Rc8 Rf3 62.Bc4 Rxh3 63.Kd6 Ba5
64.Kc6 Rf3 65.Kb5 Rf5+ 66.Ka6  1-0

[Event "Kstovo op"]
[Site "Kstovo"]
[Date "1994.??.??"]
[Round "7"]
[White "Skomorokhin, Roman"]
[Black "Voitsekhovsky, Stanislav"]
[Result "0-1"]
[WhiteElo "2425"]
[BlackElo "2430"]

1.d4 Nf6 2.c4 g6 3.Nf3 Bg7 4.g3 O-O 5.Bg2 d6 6.O-O Nbd7 7.Nc3 e5 8.e4 c6
9.b3 exd4 10.Nxd4 Re8 11.Re1 Nc5 12.h3 a5 13.Rb1 Qb6 14.Be3 Qb4 15.Ncb5 cxb5
16.Nxb5 Nfxe4 17.Bd2 Bg4 18.Bxb4 Bxd1 19.Bxc5 Bc2 20.Rbc1 Nxc5 21.Rxe8+ Rxe8
22.Rxc2 Re1+ 23.Kh2 Bf8 24.Rd2 Ra1 25.h4 Be7 26.Bf3 b6 27.Na7 Bf6 28.Bc6 Bc3
29.Re2 Ne6 30.Bd5 Bb4 31.Kg2 Bc5 32.Nb5 Kf8 33.Rd2 Ke7 34.Bf3 Bb4 35.Re2 Kf6
36.h5 Rc1 37.hxg6 hxg6 38.Bd5 Bc5 39.Rd2 Bb4 40.Rd3 Rc2 41.Bxe6 fxe6 42.Nxd6 Rxa2
43.Rf3+ Kg7 44.Ne8+ Kh6 45.Nc7 e5 46.Ne6 Bc5 47.Rf7 e4 48.g4 Rb2 49.Kg3 Rxb3+
50.Kh4 g5+ 51.Nxg5 Kg6 52.Rf5 Be7 53.Re5 Bf6 54.Re6 a4 55.c5 bxc5 56.Rxf6+ Kxf6
57.Nxe4+ Kg7 58.Nxc5 Rb4 59.f4 a3  0-1

[Event "Kstovo op"]
[Site "Kstovo"]
[Date "1994.??.??"]
[Round "8"]
[White "Talanin, Andrei"]
[Black "Balashov, Yuri S"]
[Result "1/2-1/2"]
[WhiteElo "2260"]
[BlackElo "2505"]

1.d4 Nf6 2.c4 g6 3.Nf3 Bg7 4.g3 O-O 5.Bg2 d6 6.O-O Nc6 7.Nc3 Bd7 8.h3 Qc8
9.Kh2 Re8 10.e4 e5 11.Be3 exd4 12.Nxd4 h5 13.f4 a6 14.Qd2 Rb8 15.Rae1 Qd8
16.b3 Nxd4 17.Bxd4 c5 18.Bf2 Bc6 19.Rd1 Nxe4 20.Nxe4 Bxe4 21.Bxe4 Rxe4 22.Bxc5 b5
23.Qxd6 Qxd6 24.Bxd6 Rc8 25.Rfe1  1/2-1/2

[Event "Kstovo op"]
[Site "Kstovo"]
[Date "1994.??.??"]
[Round "9"]
[White "Baburin, Alexander"]
[Black "Doroshkievich, Vladimir K"]
[Result "1-0"]
[WhiteElo "2515"]
[BlackElo "2400"]

1.d4 Nf6 2.c4 g6 3.Nf3 Bg7 4.g3 O-O 5.Bg2 d6 6.O-O Nc6 7.d5 Na5 8.Nfd2 c5
9.Nc3 e5 10.e4 a6 11.Rb1 Bd7 12.a3 Qc7 13.Qe2 Rfc8 14.b3 Rab8 15.a4 Ne8 16.Re1 Qd8
17.Bf1 b6 18.Nf3 Nc7 19.b4 Nb7 20.b5 a5 21.Nh4 Qe7 22.Qc2 Rf8 23.Bd3 Nd8
24.Nd1 Ne8 25.Ne3 Kh8  1-0

[Event "Kurgan"]
[Site "Kurgan"]
[Date "1994.??.??"]
[Round "5"]
[White "Mochalov, Evgeny V"]
[Black "Tseshkovsky, Vitaly"]
[Result "0-1"]
[WhiteElo "2450"]
[BlackElo "2515"]

1.d4 Nf6 2.c4 g6 3.Nf3 Bg7 4.g3 O-O 5.Bg2 d6 6.O-O a6 7.Nc3 Nc6 8.b3 Bf5
9.Bb2 Qd7 10.Ne1 Bh3 11.d5 Bxg2 12.Kxg2 Na7 13.Nd3 b5 14.cxb5 Nxb5 15.Nf4 Nxc3
16.Bxc3 e5 17.Nh3 Qb5 18.Rc1 Nxd5 19.e4 Nf6 20.Re1 a5 21.Bd2 Rfc8 22.Rc4 d5
23.exd5 Qxd5+ 24.f3 Rd8 25.Rc2 Bh6 26.Bxh6 Qxd1 27.Rxd1 Rxd1 28.Rxc7 Rd7
29.Rc2 Nd5 30.Nf2 f6 31.h4 Kf7 32.Kh3 Rc7 33.Rd2 Rd8 34.Ne4 Rdd7 35.g4 Nb4
36.Nd6+ Ke6 37.Nc4 Rxd2 38.Bxd2 Nxa2 39.Bxa5 Rc5 40.Bd2 Rd5 41.Bh6 Rd3 42.Nd2 g5
43.Ne4 Rxf3+ 44.Kg2 Rf4 45.Nf2 Nc3 46.hxg5 fxg5  0-1

[Event "Kurgan"]
[Site "Kurgan"]
[Date "1994.??.??"]
[Round "7"]
[White "Mochalov, Evgeny V"]
[Black "Avrukh, Boris"]
[Result "1-0"]
[WhiteElo "2450"]
[BlackElo "2425"]

1.d4 Nf6 2.c4 g6 3.Nf3 Bg7 4.g3 O-O 5.Bg2 d6 6.O-O Nc6 7.Nc3 a6 8.b3 Bf5
9.Bb2 Qd7 10.Qd2 Bh3 11.Rfe1 Bxg2 12.Kxg2 Rab8 13.Rac1 b5 14.Nd5 bxc4 15.Nxf6+ Bxf6
16.Rxc4 d5 17.Ra4 Rb6 18.Rc1 Ra8 19.Qf4 Qd6 20.Ba3 Qxf4 21.gxf4 e6 22.Ne5 Nxe5
23.fxe5 Bd8 24.Bc5 Rb5 25.b4 f5 26.exf6 Bxf6 27.Rc3 e5 28.Rca3 a5 29.Rxa5 Raxa5
30.bxa5 Rb8 31.a6 Ra8 32.a7 Kf7 33.Rb3  1-0

[Event "Las Palmas-D"]
[Site "Las Palmas"]
[Date "1994.??.??"]
[Round "?"]
[White "Solana Suarez, Ernesto"]
[Black "Reyes, Juan"]
[Result "1/2-1/2"]
[WhiteElo "2380"]
[BlackElo "2430"]

1.d4 Nf6 2.Nf3 g6 3.c4 Bg7 4.g3 O-O 5.Bg2 d6 6.O-O Nbd7 7.Nc3 e5 8.e4 c6
9.b3 Re8 10.h3 exd4 11.Nxd4 Nc5 12.Re1 a5 13.Bf4 Nh5 14.Be3 Nf6 15.Qc2 Qe7
16.Rad1 Nfd7 17.f4 Na6 18.a3 Ndc5 19.Bf2 Bd7 20.Rb1 Ne6 21.Nf3 Nec5 22.Nd4  1/2-1/2

[Event "Lenk op"]
[Site "Lenk"]
[Date "1994.??.??"]
[Round "2"]
[White "Brunner, Lucas"]
[Black "Karl, Hans"]
[Result "1-0"]
[WhiteElo "2525"]
[BlackElo "2255"]

1.d4 Nf6 2.Nf3 g6 3.c4 Bg7 4.g3 O-O 5.Bg2 d6 6.O-O Nc6 7.Nc3 e5 8.d5 Ne7
9.e4 Ng4 10.b4 a5 11.Ba3 axb4 12.Bxb4 b6 13.a4 Bh6 14.a5 Ba6 15.Nb5 Bxb5
16.cxb5 bxa5 17.Bxa5 Qb8 18.Qe2 Ra7 19.Rfb1 Qa8 20.Qe1 Qb7 21.h3 Nf6 22.Nd2 Bxd2
23.Qxd2 Nd7 24.h4 Nb6 25.Bc3 Kg7 26.Bf1 Rfa8 27.Ra6 Nd7 28.Bb4 Nc5 29.Rxa7 Qxa7
30.Qc2 Qa4 31.Qxa4 Nxa4 32.Ra1 Nb6 33.Ra6 Nec8 34.Bh3 Rxa6 35.bxa6 Na7 36.Ba5 h6
37.f4 f6 38.Kf2 Kf7 39.Be6+ Ke7 40.fxe5 fxe5 41.Bd2 h5 42.Bg5+ Ke8 43.Be3 Ke7
44.Ke2 Ke8 45.Kd3 Ke7 46.Kc2 Ke8 47.Kb3 Ke7 48.Bg5+ Ke8 49.Kb4 Na8 50.Bh3 Nb6
51.g4 hxg4 52.Bxg4 Na8 53.Ka5 Nb6 54.Be2 Nbc8 55.Bb5+ Nxb5 56.Kxb5 Na7+ 57.Kc4 Kd7
58.Be3 c5 59.dxc6+ Nxc6 60.a7  1-0

[Event "Linares op"]
[Site "Linares"]
[Date "1994.??.??"]
[Round "2"]
[White "Komljenovic, Davor"]
[Black "Markzon, Gregory"]
[Result "1-0"]
[WhiteElo "2470"]
[BlackElo "2290"]

1.d4 Nf6 2.c4 g6 3.Nf3 Bg7 4.g3 O-O 5.Bg2 d6 6.O-O c6 7.Nc3 Qb6 8.h3 Nbd7
9.e4 Qa6 10.b3 e5 11.Be3 Re8 12.Re1 exd4 13.Nxd4 Ne5 14.f4 Ned7 15.Bf2 Qa5
16.Qc2 Nf8 17.Rad1 g5 18.Nde2 Nh5 19.f5 Be5 20.Nb1 Qc7 21.Bf3 Ng7 22.g4 f6
23.h4 h6 24.hxg5 hxg5 25.c5 dxc5 26.Qxc5 b6 27.Qc4+ Qf7 28.Na3 Bb7 29.Qxf7+ Kxf7
30.Nc4 c5 31.Nxe5+ Rxe5 32.Nc3 Ne8 33.Be2 Re7 34.Bc4+ Kg7 35.Nd5 Bxd5 36.exd5 Rb7
37.d6 Rd8 38.Bd5 Rbd7 39.Re7+ Kh8 40.Kg2 Nh7 41.Rxd7 Rxd7 42.Bg3 Nf8 43.Be6 Rd8
44.d7  1-0

[Event "Linares NL"]
[Site "Linares"]
[Date "1994.??.??"]
[Round "3"]
[White "Morovic Fernandez, Ivan"]
[Black "Martin del Campo, Roberto"]
[Result "1-0"]
[WhiteElo "2585"]
[BlackElo "2450"]

1.d4 Nf6 2.c4 g6 3.g3 Bg7 4.Bg2 O-O 5.Nf3 d6 6.O-O c6 7.Nc3 Qa5 8.h3 Qa6
9.b3 b5 10.cxb5 cxb5 11.Qd3 b4 12.Ne1 bxc3 13.Bxa8 Bxh3 14.Qxa6 Nxa6 15.Bg2 Bxg2
16.Kxg2 Nb4 17.Ba3 Nbd5 18.Kf3 Nc7 19.Nc2 Nb5 20.Bc1 e5 21.dxe5 dxe5 22.e3 e4+
23.Ke2 Ng4 24.a4 Nc7 25.Ba3 Rb8 26.Bd6 Be5 27.Bxc7 Bxc7 28.b4 Ne5 29.Ra3 Bd6
30.Rxc3 Bxb4 31.Rb1 a5 32.Rc5 Re8 33.Nxb4 axb4 34.a5 Nd3 35.Rc4 Re5 36.Rxe4 Rxe4
37.Kxd3 Re5 38.Ra1 b3 39.Kc3 Rb5 40.Kb2 Rb8 41.a6 Kf8 42.a7 Ra8 43.Kxb3 Ke7
44.Kc4  1-0

[Event "Linares NL"]
[Site "Linares"]
[Date "1994.??.??"]
[Round "5"]
[White "Illescas Cordoba, Miguel"]
[Black "Martin del Campo, Roberto"]
[Result "1/2-1/2"]
[WhiteElo "2590"]
[BlackElo "2450"]

1.d4 Nf6 2.c4 g6 3.g3 Bg7 4.Bg2 O-O 5.Nf3 d6 6.O-O c6 7.Nc3 Qa5 8.h3 Qa6
9.b3 b5 10.cxb5 cxb5 11.Qd3 b4 12.Ne1 Bxh3 13.Bxa8 Bxf1 14.Kxf1 Qxd3 15.Nxd3 bxc3
16.Ba3 Rc8 17.Rc1 Nfd7 18.e3 a5 19.Bg2 Nb6 20.Nf4 e5 21.Ne2 exd4 22.exd4 Nc6
23.Rxc3 Nb4 24.Rxc8+ Nxc8 25.Bxb4 axb4 26.Ke1 Nb6 27.Kd2 Bh6+ 28.Kc2 d5 29.Nc1 Bxc1
30.Kxc1 Kf8 31.Kb2 Ke7 32.a3 bxa3+ 33.Kxa3 Kd6 34.Kb4 Nc8 35.Kc3 Na7 36.Bf1 Kc6
37.Kb4 h5 38.Be2 Kb6 39.Bf3 Kc6  1/2-1/2

[Event "Linares NL"]
[Site "Linares"]
[Date "1994.??.??"]
[Round "7"]
[White "Morovic Fernandez, Ivan"]
[Black "Hernandez, Gilberto"]
[Result "1/2-1/2"]
[WhiteElo "2585"]
[BlackElo "2510"]

1.d4 Nf6 2.Nf3 g6 3.g3 Bg7 4.Bg2 O-O 5.c4 d6 6.O-O Nbd7 7.Nc3 e5 8.e4 c6
9.h3 Qb6 10.Re1 exd4 11.Nxd4 Ne8 12.Nf3 Ne5 13.Nxe5 dxe5 14.Qa4 Bf6 15.Be3 Qc7
16.Bc5 Be7 17.Qa3 Bxc5 18.Qxc5 Be6 19.b3 f6 20.Red1 Rf7 21.a4 Qb6 22.Qxb6 axb6
23.f4 Rd7 24.Rxd7 Bxd7 25.Nd1 Be6 26.Nf2 Rd8 27.Ra2 Nc7 28.fxe5 fxe5 29.Bf1 Kg7
30.h4 Kf6 31.Nd3 Rd4 32.a5 bxa5 33.Rxa5 Rxe4 34.Kf2 Bg4 35.Ra7 Bc8 36.Nc5 Rd4
37.Ke3 Rd1 38.Be2 Rb1 39.Bd3 Rg1 40.Kf2 Rd1 41.Ke2 Rg1 42.Kf2 Rd1 43.Ke2 Rg1
44.Kf2  1/2-1/2

[Event "Lippstadt"]
[Site "Lippstadt"]
[Date "1994.??.??"]
[Round "6"]
[White "Hoffmann, Michael"]
[Black "Matthias, Heiner"]
[Result "1-0"]
[WhiteElo "2470"]
[BlackElo "2320"]

1.d4 Nf6 2.c4 g6 3.Nf3 Bg7 4.g3 O-O 5.Bg2 d6 6.O-O c6 7.Nc3 a6 8.e4 Nfd7
9.Be3 b5 10.c5 dxc5 11.dxc5 a5 12.Qc2 Na6 13.Rad1 Qc7 14.Ne2 Nf6 15.h3 Be6
16.b3 a4 17.Nf4 axb3 18.axb3 Bc8 19.Bd4 Ne8 20.e5 Bf5 21.Qc3 b4 22.Qc4 Qc8
23.Be3 g5 24.Nh5 Be6 25.Qc2 Bf5 26.Qc1 Bxh3 27.Bxg5 Ra7 28.Bh6 Bxg2 29.Kxg2 Bxh6
30.Qxh6 Qe6 31.Qe3 Nac7 32.Nf4 Qg4 33.Rh1 Ng7 34.Rh4 Qf5 35.Nd4 Qg5 36.Rdh1 f5
37.Rxh7 e6 38.Nxc6 Ra2 39.Nd4 Rb2 40.Qf3 Qd8 41.Rxg7+  1-0

[Event "Lloyds Bank op"]
[Site "London"]
[Date "1994.??.??"]
[Round "4"]
[White "Kinsman, Andrew PH"]
[Black "Hunt, Adam"]
[Result "1-0"]
[WhiteElo "2375"]
[BlackElo "2205"]

1.d4 Nf6 2.Nf3 g6 3.c4 Bg7 4.g3 O-O 5.Bg2 d6 6.O-O Nbd7 7.Qc2 c6 8.Rd1 Re8
9.Nc3 e5 10.e4 h6 11.h3 a6 12.dxe5 dxe5 13.c5 Qe7 14.Na4 Nh7 15.Be3 Ng5 16.Nd2 Nf6
17.Kh2 Qe6 18.Nb6 Rb8 19.f3 Nd7 20.Nxc8 Rexc8 21.h4 Nh7 22.Nc4 Rd8 23.Bh3 Qe7
24.Nd6 Nhf8 25.b4 Ne6 26.Qb3 Ndf8 27.Rd2 Nd4 28.Bxd4 exd4 29.Re1 Rxd6 30.cxd6 Qxd6
31.f4 g5 32.e5 Qe7 33.hxg5 hxg5 34.Rxd4 Ng6 35.Rd7  1-0

[Event "London2"]
[Site "London"]
[Date "1994.??.??"]
[Round "6"]
[White "Whiteley, Andrew J"]
[Black "Olesen, Martin"]
[Result "1-0"]
[WhiteElo "2305"]
[BlackElo "2340"]

1.d4 Nf6 2.c4 g6 3.Nf3 Bg7 4.g3 O-O 5.Bg2 d6 6.O-O Nbd7 7.Nc3 e5 8.e4 exd4
9.Nxd4 Re8 10.h3 a6 11.Be3 Rb8 12.a4 Nc5 13.Qc2 a5 14.Rad1 Bd7 15.Ndb5 Qc8
16.Na7 Qd8 17.Nab5 b6 18.Rfe1 Qc8 19.Kh2 Re5 20.g4 Qd8 21.f4 Re8 22.Kg3 Ne6
23.e5 dxe5 24.fxe5 Nxg4 25.hxg4 Bxe5+ 26.Kf2 Qh4+ 27.Kf1 Rbd8 28.Bf2 Qh2
29.Nd5 Bc8 30.Bg1 Qg3 31.Re3 Qh4 32.Rxe5 c6 33.Bf2 Qh2 34.Nf6+ Kf8 35.Ree1  1-0

[Event "Lloyds Bank op"]
[Site "London"]
[Date "1994.??.??"]
[Round "7"]
[White "Hassabis, Demis"]
[Black "Moskovic, David M"]
[Result "0-1"]
[WhiteElo "2260"]
[BlackElo "2065"]

1.d4 Nf6 2.Nf3 g6 3.g3 Bg7 4.Bg2 O-O 5.c4 d6 6.Nc3 Nbd7 7.h3 e5 8.e4 c6 9.Be3 Re8
10.O-O exd4 11.Nxd4 Nc5 12.Qc2 a5 13.Nb3 Na6 14.Rfd1 a4 15.Nd4 a3 16.bxa3 Qe7
17.Nb3 Be6 18.Nd2 Rad8 19.Bd4 Qd7 20.Kh2 Ng4+ 21.hxg4 Bxd4 22.Nf3 Bg7 23.Nd2 Bxg4
24.f3 Be6 25.Rab1 h5 26.Ne2 h4 27.gxh4 Qe7 28.Kg3 d5 29.Rh1 d4 30.Nc1 d3
31.Qd1 f5 32.f4 Qxa3 33.e5 Nc5 34.Kh2 Bh6 35.Rf1 Rd4 36.Ndb3 Rxf4 37.Nxc5 Rxh4+
38.Kg3 Rg4+ 39.Kh3 Qxc5 40.Bf3 Rxc4 41.Nxd3 Qa7 42.Qe1 g5  0-1

[Event "Lloyds Bank op"]
[Site "London"]
[Date "1994.??.??"]
[Round "8"]
[White "Pert, Nicholas"]
[Black "Rowson, Jonathan"]
[Result "0-1"]
[WhiteElo "2105"]
[BlackElo "2305"]

1.d4 Nf6 2.Nf3 g6 3.c4 Bg7 4.g3 O-O 5.Bg2 d6 6.O-O Nbd7 7.Nc3 e5 8.e4 exd4
9.Nxd4 Re8 10.Re1 Nc5 11.Qc2 Bd7 12.Nb3 Ng4 13.Nd5 Ba4 14.Bd2 c6 15.Nc3 Bxb3
16.axb3 Qb6 17.b4 Nb3 18.c5 Nxa1 19.Rxa1 Qxb4 20.Na4 Qd4 21.Bc3 Qc4 22.b3 Qe6
23.Bxg7 Kxg7 24.Rd1 Rad8 25.Bh3 Qxe4 26.Qxe4 Rxe4 27.Nc3 Rb4 28.Na2 Nxf2
29.Kxf2 Rxb3 30.Nc1 Rb2+ 31.Kg1 Rb5 32.cxd6 Rd5 33.Re1 R8xd6 34.Bg4 a5 35.Ne2 Rd1
36.Kf1 a4 37.Nc3 Rxe1+ 38.Kxe1 a3 39.Bd1 b5 40.Ke2 b4 41.Na2 Rxd1  0-1

[Event "Paris-London"]
[Site "London"]
[Date "1994.??.??"]
[Round "8"]
[White "Relange, Eloi"]
[Black "Britton, Richard"]
[Result "0-1"]
[WhiteElo "2445"]
[BlackElo "2295"]

1.d4 Nf6 2.c4 g6 3.g3 Bg7 4.Bg2 O-O 5.Nf3 d6 6.O-O Nc6 7.d5 Na5 8.Nfd2 c6
9.Nc3 cxd5 10.cxd5 Bd7 11.b4 Rc8 12.Bb2 Nc4 13.Nxc4 Rxc4 14.Qb3 Qc7 15.Nd1 Ng4
16.h3 Bxb2 17.Qxb2 Nf6 18.Ne3 Rc3 19.a4 Rc8 20.Rfb1 Nh5 21.Qd2 f5 22.Qd4 b6
23.Bf3 Nf6 24.g4 Rf8 25.gxf5 Bxf5 26.Kh2 Bxb1 27.Rxb1 Ra3 28.b5 Qc3 29.Qb4 Qe5+
30.Kg2 Rxe3 31.fxe3 Nxd5 32.Qc4 e6 33.Bxd5 exd5 34.Qd4 Qg5+ 35.Kh1 Qf5 36.Rc1 Qxh3+
37.Kg1 Qg3+ 38.Kh1 Rf5 39.Rc8+ Kf7 40.Rc7+ Ke6  0-1

[Event "Lloyds Bank op"]
[Site "London"]
[Date "1994.??.??"]
[Round "10"]
[White "Kinsman, Andrew PH"]
[Black "Dhar, Saheli"]
[Result "1-0"]
[WhiteElo "2375"]
[BlackElo "2190"]

1.d4 Nf6 2.Nf3 g6 3.c4 Bg7 4.g3 O-O 5.Bg2 d6 6.O-O Nbd7 7.Qc2 e5 8.Rd1 Re8
9.e4 c6 10.Nc3 Qe7 11.b3 exd4 12.Nxd4 Nc5 13.f3 Be6 14.Bf4 Rad8 15.b4 Na6
16.b5 Nb8 17.Qa4 Nh5 18.Be3 d5 19.cxd5 cxd5 20.Qxa7 dxe4 21.Nxe4 Bd5 22.Bg5 f6
23.Bc1 Bxe4 24.fxe4 f5 25.Ba3 Qe5 26.Nb3 Qxb5 27.Rxd8 Rxd8 28.Rf1 Nc6 29.Qc5 Nd4
30.exf5 Ne2+ 31.Kf2 Qd3 32.Qe3 Qxf5+ 33.Kxe2 Qb5+ 34.Kf2 Re8 35.Qf3 Nf6 36.Kg1 Ne4
37.Qf7+ Kh8 38.Re1 Nd6 39.Rxe8+ Nxe8 40.Bb2 Qb6+ 41.Kh1  1-0